000
00265nam a2200109Ia 4500
008
190914s9999||||xx |||||||||||||| ||und||
100
_a
Black,Uyless
245
0
_a
QOS IN Wide Area Networks
260
_a
Canada
_b
Tata McGraw Hill
_c
1996
300
_a
181
942
_c
BK
999
_c
9734
_d
9734